NBA Team Colors Quiz - Statistics

General Stats
  • This quiz has been taken 4,063 times
  • The average score is 12 of 30
Answer Stats
Team % Correct
Bucks
88%
Lakers
71%
Celtics
69%
Spurs
69%
Knicks
61%
Kings
59%
Nets
51%
Trail Blazers
51%
Warriors
47%
Pelicans
42%
Suns
42%
Timberwolves
42%
Bulls
41%
Cavaliers
39%
Pacers
39%
76ers
37%
Pistons
35%
Magic
33%
Jazz
31%
Mavericks
31%
Thunder
31%
Nuggets
30%
Hawks
28%
Rockets
27%
Heat
26%
Raptors
26%
Clippers
25%
Hornets
25%
Wizards
25%
Grizzlies
22%
No matching quizzes found
Score Distribution
Percent of People with Each Score
Percentile by Number Answered
Your Score History
You have not taken this quiz